Daňové aspekty pobytu odídencov v Slovenskej republike

Zamestnávanie odídencov – štátnych príslušníkov Ukrajiny. Poistné na zdravotné poistenie zamestnancov, poistné na sociálne poistenie zamestnancov a zdaňovanie príjmu zamestnanca – štátnych príslušníkov Ukrajiny. Príspevky za ubytovanie odídencov. Príspevok za ubytovanie podľa zákona o azyle. Zdaňova...

Ausführliche Beschreibung

Gespeichert in:
Bibliographische Detailangaben
1. Verfasser: Gášpárová, Eva
Format: Buchkapitel
Sprache:Slowakisch
Schlagworte:
Tags: Tag hinzufügen
Keine Tags, Fügen Sie das erste Tag hinzu!

MARC

LEADER 00000naa a2200000 4500
001 0289176
005 20221202165700.5
041 0 |a slo 
044 |a SK 
245 1 0 |a Daňové aspekty pobytu odídencov v Slovenskej republike  |c Eva Gášpárová 
520 |a Zamestnávanie odídencov – štátnych príslušníkov Ukrajiny. Poistné na zdravotné poistenie zamestnancov, poistné na sociálne poistenie zamestnancov a zdaňovanie príjmu zamestnanca – štátnych príslušníkov Ukrajiny. Príspevky za ubytovanie odídencov. Príspevok za ubytovanie podľa zákona o azyle. Zdaňovanie príspevku za ubytovanie podľa zákona o azyle poskytnutého fyzickej a právnickej osobe. Príspevok za ubytovanie podľa zákona o podpore cestovného ruchu. Zdaňovanie príspevku za ubytovanie podľa zákona o podpore cestovného ruchu poskytnutého fyzickej a právnickej osobe. 
610 2 0 |a účtovníctvo daňové 
610 2 0 |a Ukrajina 
610 2 0 |a utečenci 
610 2 0 |a imigrácia 
610 2 0 |a azyl 
610 2 0 |a dane z príjmov 
610 2 0 |a poistenie sociálne 
610 2 0 |a poistenie zdravotné 
610 2 0 |a príspevky sociálne 
610 2 0 |a príspevky štátne 
100 1 |a Gášpárová, Eva